Taylor Swift Track 16s - Statistics

General Stats
  • This quiz has been taken 37 times
    34 since last reset
  • The average score is 8 of 9
Answer Stats
Album Song % Correct
THE TORTURED POETS DEPARTMENT Clara Bow
100%
evermore (deluxe version) right where you left me
100%
folklore hoax
95%
Lover ME!
95%
Speak Now (Taylor's Version) Superman
95%
1989 (Taylor's Version) New Romantics
91%
Red (Taylor's Version) Begin Again
86%
Midnights (3am Edition) Paris
86%
Fearless (Taylor's Version) Forever & Always (Piano Version)
77%
No matching quizzes found
Score Distribution
Percent of People with Each Score
Percentile by Number Answered
Your Score History
You have not taken this quiz since the last reset